Access becomes a thing of value (Record no. 66469)

MARC details
000 -LEADER
fixed length control field 01431cam a2200241 4500
001 - CONTROL NUMBER
control field ABS63714
008 - FIXED-LENGTH DATA ELEMENTS--GENERAL INFORMATION
fixed length control field 000000n2001 000 0 eng u
035 ## - SYSTEM CONTROL NUMBER
System control number (Sirsi) u111534
100 ## - MAIN ENTRY--PERSONAL NAME
Personal name Johns, M.
245 ## - TITLE STATEMENT
Title Access becomes a thing of value
260 ## - PUBLICATION, DISTRIBUTION, ETC.
Date of publication, distribution, etc. 2001
490 ## - SERIES STATEMENT
Series statement Estates Gazette
Volume/sequential designation (0111) 17 March 2001, 156-157(2)
520 ## - SUMMARY, ETC.
Summary, etc. Government has set some challenging targets for the public sector as part of its attempts to ensure the UK becomes a world leader in e-commerce. For instance, by 2002 50% of all central and local government services should be available to the public electronically. Looks at the considerable advances made by the Valuation Office Agency (VOA) in its use of electronic information delivery. For instance, in January 2000 the VOA published rating lists for the 2000 revaluation on the internet. In a second key advance, it allowed businesses to make appeals via its website. All caseworkers can now also be contacted via e-mail. Describes the links the VOA has established with the Valuation Tribunal service, and its plans to improve these. Also describes current projects and plans for the future.
590 ## - LOCAL NOTE (RLIN)
Local note ABS
650 ## - SUBJECT ADDED ENTRY--TOPICAL TERM
Topical term or geographic name entry element VALUATION OFFICE AGENCY
650 ## - SUBJECT ADDED ENTRY--TOPICAL TERM
Topical term or geographic name entry element E-COMMERCE
650 ## - SUBJECT ADDED ENTRY--TOPICAL TERM
Topical term or geographic name entry element VALUATION TRIBUNAL SERVICE
650 ## - SUBJECT ADDED ENTRY--TOPICAL TERM
Topical term or geographic name entry element MODERNISATION
650 ## - SUBJECT ADDED ENTRY--TOPICAL TERM
Topical term or geographic name entry element RATING SYSTEM
650 ## - SUBJECT ADDED ENTRY--TOPICAL TERM
Topical term or geographic name entry element Valuation
9 (RLIN) 6273
690 ## - LOCAL SUBJECT ADDED ENTRY--TOPICAL TERM (OCLC, RLIN)
Topical term or geographic name as entry element INFORMATION TECHNOLOGY-INTERNET
942 ## - ADDED ENTRY ELEMENTS (KOHA)
Suppress in OPAC 0
Holdings
Withdrawn status Lost status Source of classification or shelving scheme Damaged status Not for loan Home library Current library Shelving location Date acquired Total Checkouts Full call number Barcode Date last seen Copy number Price effective from Koha item type
    Dewey Decimal Classification     London London Journal article 21/03/2001   ABS63714 111534-1001 06/08/2019 1 06/08/2019 Journal article